000 00616nam a2200241 a 4500
001 nice12345678
003 IN_TiNIC
005 20260116012126.0
008 050524s1978 dela grp 000 0 urd
020 _a
_c10
082 0 0 _a297.52
_bABB
100 _aAbbasi, Hakeem Nihal Abbas
245 _aFalsafa-I-Namaz Yani Namaz Ki Sab Se Badi Kitab
260 _aDelhi
_bIdara Matbu`at Islamia
_c1978
300 _a472p
500 _aincludes index and biblioraphy
505 2 _aIndex
650 _aIslam-Prayers
700 1 _aAbbasi, Hakeem Nihal Abbas
902 _bSRS
942 _cBK
999 _c5747
_d5747